000 00328nam a22001457a 4500
008 210310b ||||| |||| 00| 0 eng d
020 _a0023412704
041 _aeng
080 _2 2nd
_a61
082 _a61
100 _a4
101 _aSHM
245 _aInterpreting the Medical Literature
_cGehlbach,S.H
942 _2udc
_cBK
999 _c56149
_d56149